ISEI: Issues in Special Education & Inclusion / ס×-י״ש: סו×'יות ×'×-ינוך מיו×-×" ו×'שילו×'

Dades bibliogràfiques
Format: Electrònic Revista
Idioma:English
Publicat: University of Haifa / אוני×'רסיטת ×-יפ×"
Matèries:
Accés en línia:Full text available on JSTOR[2008-01-01 - 2020-06-01]
Off-campus access
LEADER 01184cas a2200205 a 4500
001 AALejournalJSTOR000751
008 230228c9999 xx r poo 0 0eng d
022 |a 2309-6942 
040 |a BD-DhAAL  |c BD-DhAAL 
245 0 0 |h [electronic resource]  |a ISEI: Issues in Special Education & Inclusion / ס×-י״ש: סו×'יות ×'×-ינוך מיו×-×" ו×'שילו×' 
260 |b University of Haifa / אוני×'רסיטת ×-יפ×" 
300 |a 1 online resource 
362 0 |a Vol. 23,  |a no. 1 
500 |a <strong>Off-Campus Access:</strong> Athens ID and Password Required 
500 |a <strong>On-Campus Access:</strong> No User ID or Password Required 
506 |a Electronic access restricted to authorized BRAC University faculty, staff and students 
538 |a Mode of access: Internet 
650 4 |a Education ; Social Sciences ; Social Work 
856 4 0 |z Full text available on JSTOR[2008-01-01 - 2020-06-01]  |u https://www.jstor.org/journal/iseiissuspeceduc 
856 4 0 |z Off-campus access  |u https://go.openathens.net/redirector/bracu.ac.bd?url=https%3A%2F%2Fwww.jstor.org%2Fjournal%2Fiseiissuspeceduc